000 00573nam a2200229Ia 4500
003 OSt
005 20220928145034.0
006 a|||||r|||| 00| 0
007 ta
008 220927b |||||||| |||| 00| 0 eng d
024 _a78381
037 _cTextual
040 _aSDCL
_cSDCL
_beng
041 _2eng
_aeng
082 _aW6.3'N7, L9
100 _aBarnes Samuel H
_9511333
245 0 _aPolitical action.
260 _c1979
700 _a Kaase Max
_9511334
942 _hW6.3'N7, L9
_cTEXL
_2CC
999 _c831595
_d831595